| 000 | 00461nam a2200157 a 4500 | ||
|---|---|---|---|
| 001 | 000039866 | ||
| 005 | 20201002033758.0 | ||
| 008 | 130725s200u uy a 000 0 spa d | ||
| 020 | _a9789974675520 | ||
| 040 |
_aDO-SdBNP _bspa _cBNPHU |
||
| 082 | _axxx | ||
| 100 | 1 |
_aPuig, Salvador, _d1939-2009 _966069 |
|
| 245 | 1 | 0 |
_aApalabrados : _bpoesÃa completa / _cSalvador Puig. |
| 260 |
_aMontevideo, Uruguay : _bMastegraf, _c[20uu]. |
||
| 300 |
_a615 p. : _bil. ; _c22 cm. |
||
| 999 |
_c39356 _d39356 |
||